| 000 | 00677nam a22002297a 4500 | ||
|---|---|---|---|
| 005 | 20250903145934.0 | ||
| 008 | 250903b |||||||| |||| 00| 0 eng d | ||
| 037 | _cTB | ||
| 040 |
_aCRL _cCRL |
||
| 041 |
_2SIN _aSIN |
||
| 084 |
_aO1593,3(Y:351)x R2 _bCRL |
||
| 100 |
_aSukhwani, Komal _9819977 |
||
| 245 | _aSindhiyat ji surhan | ||
| 260 |
_aUlhasnagar, India: _bKomal sukhwani, _c2022. |
||
| 300 | _a150p. | ||
| 365 |
_b600.00 _cINR |
||
| 650 | _aSindhi Literature | ||
| 650 | _aSindhi Fiction | ||
| 650 | _aSociology | ||
| 942 |
_2CC _cTB _hO1593,3(Y:351)x R2 _n0 |
||
| 999 |
_c1435133 _d1435133 |
||